000 00715nam a22002177a 4500
999 _c4485
_d4485
003 AR-CdUCM
008 190308b ||||| |||| 00| 0 spa d
040 _aMUNICIPALIDAD PROVINCIAL DEL CUSCO
_cBIBLIOTECA MUNICIPAL DEL CUSCO
082 _a896.56 /
_bSA22
100 _aSanchez Lihon, Danilo
_9846
245 _aScorpius (poesía) /
260 _a[Lima] :
_bArte reda,
_c1970.
300 _a[s.n] ;
_bIlustraciones,
_c24 cm.
650 _aPoesía peruana - Siglo XX
_914083
650 _aScorpius - Poemas
_914084
650 _aDanilo Sanchez Lihon - Poeta
_914085
650 _aPoetas - Santiago de Chuco
_914086
700 _aYando de Pucallpa (Ilustrador)
_914087
942 _2ddc
_cLIBROS
945 _alccs